000 nam a22 7a 4500
999 _c7929
_d7929
008 171113b xxu||||| |||| 00| 0 eng d
100 _aCCE
_94393
245 _aScience-8
260 _aNew Delhi